All 2018 Disney Films - Statistics

General Stats
  • This quiz has been taken 39 times
  • The average score is 6 of 10
Answer Stats
Answer % Correct
Ralph Breaks the Internet
86%
The Incredibles 2
86%
Mary Poppins Returns
75%
Black Panther
71%
Christopher Robin
68%
Avengers: Infinity War
54%
A Wrinkle in Time
54%
Solo
54%
Ant-Man and the Wasp
50%
The Nutcracker and the Four Realms
50%
No matching quizzes found
Score Distribution
Percent of People with Each Score
Percentile by Number Answered
Your Score History
You have not taken this quiz